Business For AS (Record no. 6362)

MARC details
005 - DATE AND TIME OF LATEST TRANSACTION
control field 20250629132628.0
020 ## - INTERNATIONAL STANDARD BOOK NUMBER
International Standard Book Number 978-1-471-83580-3
082 ## - DEWEY DECIMAL CLASSIFICATION NUMBER
Classification number 658 MAR
100 ## - MAIN ENTRY--PERSONAL NAME
Author name MARCOUSE,I.
245 ## - TITLE STATEMENT
Title Business For AS
250 ## - EDITION STATEMENT
Edition statement 3rd Ed.
260 ## - PUBLICATION, DISTRIBUTION, ETC.
Place of publication, distribution, etc. London,
Name of publisher, distributor, etc. Hodder Education,
Date of publication, distribution, etc. 2015.
300 ## - PHYSICAL DESCRIPTION
Extent 337p.:ill.;figures, tables
Other physical details Index
Dimensions 28cm
700 ## - ADDED ENTRY--PERSONAL NAME
Other authors/Editors Hammond,Andy
700 ## - ADDED ENTRY--PERSONAL NAME
Other authors/Editors Watson,Nigel
942 ## - ADDED ENTRY ELEMENTS (KOHA)
Source of classification or shelving scheme Dewey Decimal Classification
Koha item type Books
Holdings
Date last seen Total checkouts Full call number Barcode Cost, replacement price Price effective from Koha item type Lost status Source of classification or shelving scheme Damaged status Not for loan Withdrawn status Home library Current library Shelving location Date acquired Source of acquisition Cost, normal purchase price
06/29/2025   658 MAR MZA0002838 45000.00 06/29/2025 Books   Dewey Decimal Classification       CBE Mwanza CBE Mwanza General Collection 06/19/2024 TLSB Donation 15000.00